Vainqueur de la ligue des champions dans l'ordre - Statistiques

Statistiques générales
  • Ce quiz a été pris 66 fois
  • Le résultat moyen est 40 sur 70
Statistiques - réponses
Année Réponse % Correct
2025 Paris SG
100%
2024 Real Madrid
98%
2021 Chelsea FC
96%
2022 Real Madrid
96%
2018 Real Madrid
96%
2017 Real Madrid
96%
2016 Real Madrid
96%
2020 Bayern München
95%
2023 Manchester City
95%
2015 FC Barcelone
93%
2019 Liverpool FC
93%
2014 Real Madrid
89%
2013 Bayern München
84%
2012 Chelsea FC
84%
2011 FC Barcelone
77%
2009 FC Barcelone
75%
2007 AC Milan
70%
2010 Inter Milan
70%
2006 FC Barcelone
65%
2005 Liverpool FC
65%
2008 Manchester United
65%
2002 Real Madrid
65%
1959 Real Madrid
65%
1958 Real Madrid
65%
1957 Real Madrid
65%
1956 Real Madrid
65%
2000 Real Madrid
63%
1993 Olympique de Marseille
61%
1960 Real Madrid
61%
2004 FC Porto
60%
2003 AC Milan
58%
1997 Borussia Dortmund
58%
1996 Juventus
58%
2001 Bayern München
56%
1999 Manchester United
54%
1998 Real Madrid
53%
1994 AC Milan
51%
1995 Ajax Amsterdam
49%
1973 Ajax Amsterdam
49%
1972 Ajax Amsterdam
49%
1971 Ajax Amsterdam
49%
1974 Bayern München
47%
1975 Bayern München
46%
1991 Etoile rouge de Belgrade
46%
1976 Bayern München
44%
1990 AC Milan
42%
1985 Juventus
42%
1961 Benfica Lisbonne
40%
1992 FC Barcelone
40%
1966 Real Madrid
39%
1989 AC Milan
37%
1962 Benfica Lisbonne
37%
1979 Nottingham Forest
37%
1978 Liverpool FC
35%
1980 Nottingham Forest
35%
1963 AC Milan
33%
1964 Inter Milan
33%
1977 Liverpool FC
33%
1967 Celtic Glasgow
32%
1970 Feyenoord Rotterdam
32%
1965 Inter Milan
32%
1988 PSV Eindhoven
32%
1969 AC Milan
30%
1982 Aston Villa
30%
1987 FC Porto
30%
1983 Hambourg SV
30%
1984 Liverpool FC
28%
1981 Liverpool FC
28%
1986 Steaua Bucarest
28%
1968 Manchester United
26%
Aucun quiz correspondant
Distribution des résultats
% des personnes avec chaque résultat
Percentile par nombre de réponses
Votre historique - résultats
Vous n’avez pas pris ce quiz